|
|
|
|
| LEADER |
00000nab a2200000 ar4500 |
| 001 |
vtls008410857 |
| 003 |
SK-MaSNL |
| 005 |
20260304172843.0 |
| 008 |
250526c2005 xo mr|p|||||||000 b|slo |
| 015 |
|
|
|a SNBRB2005/11
|2 snkbucl
|
| 035 |
|
|
|a (uuid)a8c0be51-189a-4f01-918c-1467eb7505a9
|
| 035 |
|
|
|a urn:nbn:sk:snk-ab28ru
|
| 035 |
|
|
|a (urnnbn)urn:nbn:sk:snk:ar-a01ylr
|
| 038 |
|
|
|a SNKBUCL
|
| 040 |
|
|
|a SNKBUCL
|b slo
|c SNKBUCL
|e AACR2
|
| 041 |
0 |
|
|a slo
|
| 044 |
|
|
|a xo
|c SK
|
| 080 |
|
|
|a 630*45:502.4
|x (437.6)
|2 UDC-MRF-SK2
|
| 080 |
|
|
|a 502.4
|x (437.6)
|2 UDC-MRF-SK2
|
| 100 |
1 |
|
|a Finta, Ladislav
|4 ivr
|4 aut
|9 421189
|
| 245 |
1 |
0 |
|a Prirovnanie k časovanej bombe vôbec nie je prehnané-
|b zhovárame sa s Ing. Milanom Zúbrikom, PhD. vedúcim Odboru ochrany lesa a manažmentu zveri Lesníckeho výskumného ústavu Zvolen
|c zhováral sa Ladislav Finta
|
| 650 |
0 |
7 |
|a lesy
|2 snkbucl
|9 1437
|
| 650 |
0 |
7 |
|a živočíšni škodcovia
|2 snkbucl
|9 28600
|
| 650 |
0 |
7 |
|a škodlivý hmyz
|2 snkbucl
|9 69809
|
| 650 |
0 |
7 |
|a podkôrniky
|2 snkbucl
|9 105266
|
| 650 |
0 |
7 |
|a ochrana lesa
|2 snkbucl
|9 2455
|
| 651 |
|
7 |
|a Tatranský národný park (Slovensko)
|2 snkbucl
|9 106968
|
| 700 |
1 |
|
|a Zúbrik, Milan,
|d 1966-
|4 ive
|4 aut
|9 117050
|
| 773 |
0 |
|
|t Slovenské lesokruhy
|g Roč. IV, č. 4 (2005), s. 17
|x 1336-0612
|
| 850 |
|
|
|a Slovenská národná knižnica
|
| 852 |
|
|
|a Slovenská národná knižnica
|
| 958 |
|
|
|a ONDV
|
| 958 |
|
|
|a article27
|
| 999 |
|
|
|c 3000366
|d 3002296
|